000 00695nam a2200241Ia 4500
003 OSt
005 20230531114610.0
008 210423s2011 xx 000 0 und d
020 _a978-1-84860-872-6
040 _cAL
041 _aeng
082 _a362.175 BALK
100 _aBALDWIN (Moyra A);WOODHOUSE (Jan)
_9117804
245 _aKey concepts in palliative care
260 _aLondon
_bSage Publications
_c2011
300 _axvii,245
_bPB
365 _b3442.4
_cUSD
440 _aSage key concepts
_9117805
650 _aSocial Problems & Services
_9117806
650 _aSocial Welfare Problems & Services
_9117807
906 _acare ; concepts ; Key ; palliative
942 _2ddc
_cBK
999 _c176407
_d176407